000 01083nam a2200301 i 4500
001 181106
003 ES-MaACL
005 20250823110734.0
008 121017s2009 sp a |||| | spa d
020 _a978-84-89457-42-3
080 _a78.072.3 Salazar, Adolfo
080 _a78.036(460)
245 0 0 _aMúsica y cultura en la Edad de Plata, 1915-1939 /
_cMaría Nagore, Leticia Sánchez de Andrés, Elena Torres (eds.).
260 _aMadrid :
_bICCMU,
_c[2009]
300 _a663 p. :
_bil. ;
_c24 cm.
490 1 _aMúsica hispana. Textos. Estudios ;
_v14
500 _aÍndice.
600 1 4 _aSalazar, Adolfo,
_d1890-1958
_9101798
650 4 _aMúsica española-
_yS.XX.
_9148330
700 1 _aSánchez de Andrés, Leticia.
_9138413
700 1 _aNagore Ferrer, María.
_9151655
700 1 _aTorres, Elena.
_9110887
710 2 _aInstituto Complutense de Ciencias Musicales.
_94816
830 1 0 _aMúsica hispana
_v14
_9232876
852 4 _aES-MaACL
_jA-12326
_9187989
_bR.147145
_cDEPO1
_dOlim: N-5331
942 _2udc
_cMONOGRAFIA
999 _c181106
_d181106